000
00297nam a2200109Ia 4500
008
220204s9999 xx 000 0 und d
082
_a
678:537
_b
BLY;2
100
_a
Blythe, A R
245
0
_a
Electrtical properties of polymers
260
_a
Cambridge
_b
Cambridge University Press
_c
1979
942
_c
BK
999
_c
32063
_d
32063